000
00278nam a2200121Ia 4500
005
20260328104336.0
008
260328s9999||||xx |||||||||||||| ||und||
100
_a
Los, Sergio
245
0
_a
Carlo Scarpa /
_c
Sergio Los
300
_a
176 p.
650
_a
ARQUITECTOS
942
_c
BK
999
_c
11896
_d
11896